<?xml version="1.0" encoding="UTF-8"?><?xml-stylesheet type="text/xsl" href="static/style.xsl"?><OAI-PMH xmlns="http://www.openarchives.org/OAI/2.0/" xmlns:xsi="http://www.w3.org/2001/XMLSchema-instance" xsi:schemaLocation="http://www.openarchives.org/OAI/2.0/ http://www.openarchives.org/OAI/2.0/OAI-PMH.xsd"><responseDate>2026-06-01T13:39:00Z</responseDate><request verb="GetRecord" identifier="oai:riuma.uma.es:10630/20146" metadataPrefix="marc">https://riuma.uma.es/rest/oai/request</request><GetRecord><record><header><identifier>oai:riuma.uma.es:10630/20146</identifier><datestamp>2026-02-03T12:13:14Z</datestamp><setSpec>com_10630_2254</setSpec><setSpec>col_10630_37959</setSpec></header><metadata><record xmlns="http://www.loc.gov/MARC21/slim" xmlns:dcterms="http://purl.org/dc/terms/" xmlns:doc="http://www.lyncode.com/xoai" xmlns:xsi="http://www.w3.org/2001/XMLSchema-instance" xsi:schemaLocation="http://www.loc.gov/MARC21/slim http://www.loc.gov/standards/marcxml/schema/MARC21slim.xsd">
   <leader>00925njm 22002777a 4500</leader>
   <datafield ind2=" " ind1=" " tag="042">
      <subfield code="a">dc</subfield>
   </datafield>
   <datafield ind2=" " ind1=" " tag="720">
      <subfield code="a">Lechuga-Jiménez, Clotilde</subfield>
      <subfield code="e">author</subfield>
   </datafield>
   <datafield ind2=" " ind1=" " tag="260">
      <subfield code="c">2020-10-26</subfield>
   </datafield>
   <datafield ind2=" " ind1=" " tag="520">
      <subfield code="a">En los últimos años la tendencia a visibilizar la historia de las mujeres en un hecho que paso a paso se abre camino, desde perspectivas que comprenden lo social y lo político como son las ciencias sociales. Además el arte contribuye con la necesidad de que estas investigaciones lleguen a las aulas. Aún quedan muchos temas por rastrear con dataciones científicas que consoliden y afiancen los distintos procesos sociales por los que heredamos conocimientos, identidades y roles atribuidos socialmente a la mujer. En concreto, este estudio se basa en la llamada “caza de brujas” sucedida en época medieval y continuada durante el Renacimiento científico, de las artes y las humanidades, en adelante, por toda Europa, extendiéndose hacia otros continentes &#xd;
&#xd;
A través de un exhaustivo trabajo Silvia Federici (2010) presenta dataciones y reflexiones sobre un sistema de exterminio focalizado en este grupo, el cual fue y es parte igual de la sociedad humana. Con cierta coquetería y orgullo las componentes del movimiento feminista se jactan en numerosas ocasiones de autonominarse bruja,  fundamento basado en una legendaria incomprensión y aislamiento sufrido por el grupo mujer. El cual sigue sin estar visible y se oculta, al no aparecer en los libros de estudios de primaria, secundaria o bachillerato españoles</subfield>
   </datafield>
   <datafield ind1="8" ind2=" " tag="024">
      <subfield code="a">https://hdl.handle.net/10630/20146</subfield>
   </datafield>
   <datafield tag="653" ind2=" " ind1=" ">
      <subfield code="a">Ciencias sociales-Metodología</subfield>
   </datafield>
   <datafield tag="653" ind2=" " ind1=" ">
      <subfield code="a">Brujas-Persecuciones</subfield>
   </datafield>
   <datafield tag="653" ind2=" " ind1=" ">
      <subfield code="a">Feminismo</subfield>
   </datafield>
   <datafield tag="653" ind2=" " ind1=" ">
      <subfield code="a">Arte Contemporáneo</subfield>
   </datafield>
   <datafield tag="653" ind2=" " ind1=" ">
      <subfield code="a">Mujeres-Historia</subfield>
   </datafield>
   <datafield tag="653" ind2=" " ind1=" ">
      <subfield code="a">Mujeres-Situación social</subfield>
   </datafield>
   <datafield ind2="0" ind1="0" tag="245">
      <subfield code="a">Brujas olvidadas y artistas contemporáneas en la investigación y educación de las ciencias sociales.</subfield>
   </datafield>
</record>
</metadata></record></GetRecord></OAI-PMH>